000 00695nam a2200229 a 4500
001 000023568
005 20200930022320.0
008 101213s1964 sp r 001 0 spa d
040 _aDO-SdBNP
_bspa
_cBNPHU
082 _a864.6
_bU54d, 1964
100 1 _aUnamuno, Miguel de
_946765
245 1 0 _aDe mí país :
_bDescripciones, relatos y artículos de costumbres /
_cMiguel de Unamuno.
250 _a5a ed.
260 _aMadrid :
_bEspasa Calpe,
_c1964.
300 _a148 p. ;
_c18 cm.
490 1 _aAustral ;
_v336
500 _aIncluye índice de autores.
650 4 _aEnsayos españoles
_93095
650 4 _aLiteratura española
_9632
830 0 _aAustral ;
_v336
_93065
049 _aBNGR
999 _c23064
_d23064